| 000 | 01145nam a2200289 a 4500 | ||
|---|---|---|---|
| 001 | 000024867 | ||
| 005 | 20200930023422.0 | ||
| 008 | 110207s2005 sp bd r 001 0 spa d | ||
| 020 | _a8495163934 | ||
| 040 |
_aDO-SdBNP _bspa _cBNPHU |
||
| 082 |
_axxxx _bS864c |
||
| 245 | 0 | 3 |
_aEl stock de capital en España y su distribución territorial (1964-2002) / _cdirección Matilde Mas Ivars , Francisco Pérez García , Ezequiel Uriel Jiménez. |
| 260 |
_aBilbao : _bFundación BBVA, _c2005. |
||
| 300 |
_a251 p. : _bmapas., diagrs. ; _c23.4 cm. |
||
| 500 | _aIncluye referencias biográficas de los directores en la solapa de la contraportada. | ||
| 500 | _aIncluye referencia bibliográfica p. [235-238]. | ||
| 500 | _aIncluye índice de cuadros. | ||
| 500 | _aIncluye índice de gráficos. | ||
| 500 | _aIncluye índice de mapas. | ||
| 500 | _aIncluye índice alfabético. | ||
| 530 |
_aCD. _bCD-ROM |
||
| 504 | _aIncluye referencias bibliográficas y notas al pie de las páginas. | ||
| 700 | 1 |
_aMas Ivars, Matilde _911381 |
|
| 700 | 1 |
_aPérez García, Francisco _951037 |
|
| 700 | 1 |
_aUriel Jiménez, Ezequiel _947247 |
|
| 049 | _aBNGR | ||
| 999 |
_c24360 _d24360 |
||